Statistiques concernant Prigojine - Quiz

Cliquez ici pour prendre le quiz!

Statistiques générales

  • Ce quiz a été pris 14 fois
  • Le résultat moyen est 10 sur 14

Statistiques - réponses

IndiceRéponse% Correct
Pays envahi par la Russie, où il s'est illustré dans le conflit avec son groupe.Guerre en Ukraine
100%
Pays pour lequel il opéraitRussie
100%
NationalitéRusse
92%
Chef d’État contre qui il a mené une rébellion en Juin 2023.Vladimir Poutine
92%
Groupe paramilitaire qu'il a fondé et dirigéWagner
92%
Continent où Prigojine était supposé se trouver quelques jours avant sa mort.Afrique
83%
Pays allié de la Russie où des troupes de Prigojine se sont installées récemment.Biélorussie
83%
Jour de sa mort ( date, mois et année )23 Août 2023
67%
Evenement qui a tué Prigojine ainsi que 9 autres individus en même temps.Crash aérien
67%
Leader pro-Poutine de la République de Tchétchénie qui a envisagé de remplacer Wagner
par les troupes tchétchènes dans la ville en réponse 6.
Ramzan Kadyrov
58%
Ministre de la Défense russe, furieusement ciblé par Prigojine lorsque celui-ci a délivré un puissant coup de gueule envers le gouvernement russe, accusant celui-ci de négliger leurs conditions de vie sur le front et leur manque en munitions.Sergueï Choïgou
50%
PrénomEvgueni
42%
Ville située dans le pays en réponse précédente, prise par la société de Prigojine en huit mois de combat acharné.Bakhmout
33%
Région dans laquelle il est mortTver
25%

Distribution des résultats

Percentile par nombre de réponses

% des personnes avec chaque résultat

Votre développement - résultats

Vous n’avez pas pris ce quiz